000 00593nam a22001937a 4500
999 _c170350
_d170350
005 20191213125859.0
010 _aA-245076
020 _c120.00
_a-
035 _aA-245076
037 _bBPPD
082 _a230.1
100 _aتلسی د ا س
245 _aتلسی ر ا ما ين سچتر
_cتلسی د ا س
246 _aTulsi Ramayan Sachitr (Urdu)
_bby Tulsi Dass
260 _aDelhi
_c1986 ء
_bDehati Pustak Bhandar
270 _aChowk Badshah Bola ,Chawri Bazar,
_bDelhi
_k-
_e110006
300 _a835 ص
_c22 cm(hb)
942 _2ddc
_cUR
_h230.1
_mت ل س